00853nam a2200217 i 450000100060000000300090000600500170001500700030003200800410003510000310007624501620010725000120026926000430028130000300032470000360035470000430039070000330043385200310046699900170049795201210051428228ES-MaACL20230906153811.0t|030116s1947 sp ||||1| spa d1 aBalderston, John L.92488413aLa plaza de Berkeley / cpor John L. Balderston ; traducción del inglés por Juan B. Cuyás y Boira, Arturo Fernández y Ferrán y Conrado Moner Casas. a1ª ed. aBarcelona : bJosé Janés, c[1947. a176 p. : bil. ; c18 cm.1 aCuyás y Boira, Juan B.9423061 aFernández y Ferrán, Arturo.9501791 aMoner Casas, Conrado.982168 aES-MaACLjD-7362 bR.27362 c28228d28228 00104070aATENEOMbATENEOMcSVId2008-01-17eSCl0oD-7362p901029141r2023-02-23 00:00:00w2023-02-23yMONOGRAFIA